Financial mathematics for actuarial science : (Record no. 678)

MARC details
000 -LEADER
fixed length control field 02136cam a22002898i 4500
001 - CONTROL NUMBER
control field 21443756
005 - DATE AND TIME OF LATEST TRANSACTION
control field 20250224105845.0
008 - FIXED-LENGTH DATA ELEMENTS--GENERAL INFORMATION
fixed length control field 200210s2020 flu b 001 0 eng
010 ## - LIBRARY OF CONGRESS CONTROL NUMBER
LC control number 2019051938
020 ## - INTERNATIONAL STANDARD BOOK NUMBER
International Standard Book Number 9780367253080
Qualifying information (hardback)
040 ## - CATALOGING SOURCE
Original cataloging agency LBSOR/DLC
Language of cataloging eng
Description conventions rda
Transcribing agency KCST
042 ## - AUTHENTICATION CODE
Authentication code pcc
050 00 - LIBRARY OF CONGRESS CALL NUMBER
Classification number HG4515.3
Item number .W55 2020
082 00 - DEWEY DECIMAL CLASSIFICATION NUMBER
Classification number 332.678
Edition information 23
100 1# - MAIN ENTRY--PERSONAL NAME
Personal name Wilders, Richard J.
Fuller form of name (Richard James),
Relator term author.
9 (RLIN) 5291
245 10 - TITLE STATEMENT
Title Financial mathematics for actuarial science :
Remainder of title the theory of interest /
Statement of responsibility, etc. [Richard James Wilders].
263 ## - PROJECTED PUBLICATION DATE
Projected publication date 2002
260 #1 - PUBLICATION, DISTRIBUTION, ETC.
Place of publication, distribution, etc. Boca Raton, FL :
Name of publisher, distributor, etc. CRC Press,
Date of publication, distribution, etc. [2020]
300 ## - PHYSICAL DESCRIPTION
Extent pages cm
504 ## - BIBLIOGRAPHY, ETC. NOTE
Bibliography, etc. note Includes bibliographical references and index.
505 0# - FORMATTED CONTENTS NOTE
Formatted contents note Overview and mathematical prerequisites -- Measuring interest -- Solving problems in interest -- Annuities -- Amortization schedules and sinking funds -- Yield rates -- Bonds -- Exact asset matching and swaps -- Interest rate sensitivity -- Determinants of interest rates.
520 ## - SUMMARY, ETC.
Summary, etc. "Financial Mathematics for Actuarial Science: The Theory of Interest is concerned with the measurement of interest and the various ways interest affects what is often called the time value of money (TVM). Interest is most simply defined as the compensation that a borrower pays to a lender for the use of capital. The goal of this book is to provide the mathematical understandings of interest and the time value of money needed to succeed on the actuarial examination covering interest theory Key Features Helps prepare students for the SOA Financial Mathematics Exam Provides mathematical understanding of interest and the time value of money needed to succeed in the actuarial examination covering interest theory Contains many worked examples, exercises and solutions for practice Provides training in the use of calculators for solving problems A complete solutions manual is available to faculty adopters online"--
Assigning source Provided by publisher.
650 #0 - SUBJECT ADDED ENTRY--TOPICAL TERM
Topical term or geographic name entry element Interest
General subdivision Mathematical models.
9 (RLIN) 5292
650 #0 - SUBJECT ADDED ENTRY--TOPICAL TERM
Topical term or geographic name entry element Finance
General subdivision Mathematical models.
9 (RLIN) 5293
650 #0 - SUBJECT ADDED ENTRY--TOPICAL TERM
Topical term or geographic name entry element Business mathematics.
9 (RLIN) 5294
650 #0 - SUBJECT ADDED ENTRY--TOPICAL TERM
Topical term or geographic name entry element Actuarial science.
9 (RLIN) 4239
Holdings
Withdrawn status Lost status Source of classification or shelving scheme Damaged status Not for loan Home library Current library Date acquired Cost, normal purchase price Total checkouts Full call number Barcode Date last seen Price effective from Koha item type
    Dewey Decimal Classification     KCST Library KCST Library 13/10/2021 29.00   332.678 Wi Fi 1000000883 13/10/2021 13/10/2021 Book
© 2025 KCST. All rights reserved